00311 2200133 4500001002100000005001500021035002000036245005700056300000700113260002500120082000800145084001200153990001200165INLIS00000000000215120250527114029 a0010-0525000443 a10 Program Menuju Kesejahteraan /cNur Siwi Ismawati a60 bCempaka Putih,c2007 a300 a300 SAT a0713242